| 000 | 00847nam a2200253 a 4500 | ||
|---|---|---|---|
| 008 | |||
| 020 | _a1903354153 (pbk.) | ||
| 049 | _aMAIN | ||
| 090 | _aCD950INT | ||
| 245 | 1 | 0 |
_aIntroduction to the management of public sector records study programme / _c editors Michael Roper, Laura Millar |
| 260 |
_aLondon: _bInternational Records Management Trust, _c1999. |
||
| 300 |
_a18 p. ; _c30 cm. |
||
| 440 |
_aManaging public sector records _x a study programme. |
||
| 650 | 1 |
_aPublic records _xmanagement. |
|
| 700 | _aMillar, Laura. | ||
| 700 | _aRoper, Michael | ||
| 700 | _aInternational Council on Archives. | ||
| 700 | _aInternational Records Management Trust. | ||
| 907 |
_a.b10169210 _b12-09-05 _c26-07-05 |
||
| 003 | |||
| 005 | 20230120153118.0 | ||
| 040 | _cNUST | ||
| 942 |
_cBOOKS _kCD950INT |
||
| 999 |
_c98981 _d98981 |
||